Villes inégalement connectées à la mondialisation - 4ème - Statistiques

Statistiques générales
  • Ce quiz a été pris 142 fois
  • Le résultat moyen est 7 sur 10
Statistiques - réponses
Question Réponse % Correct
Qu'est-ce qui rend la ville de Londres attractive ? Les monuments touristiques culturels et historiques
94%
Qu'est-ce qu'une shrinking city ? Une ville qui rétrécit
81%
Quel artiste célèbre est originaire de la ville de Détroit ? Eminem
80%
Quel était le principal secteur industriel de la ville de Détroit ? Les voitures
80%
Comment appelle t-on le quartier des affaires de la ville de Londres ? La City
76%
Quelles villes constituent la mégalopole Nord-Américaine ? Boston – New York – Washington
68%
Qu'est ce que le soft power ? Le pouvoir culturel, touristique, artistique d'un pays.
66%
Qu'est ce qu'une mégalopole Un regroupement de grandes villes proches les unes des autres
56%
Quelle ligne marque la différence entre les quartiers pauvres et les quartiers aisés à Détroit ? 8 Mile
46%
Quels évènements ont provoqués la chute de la ville de Détroit La concurrence internationale et la dette
40%
Aucun quiz correspondant
Distribution des résultats
% des personnes avec chaque résultat
Percentile par nombre de réponses
Votre historique - résultats
Vous n’avez pas pris ce quiz